<?xml version="1.0" encoding="UTF-8"?>
<record
    xmlns:xsi="http://www.w3.org/2001/XMLSchema-instance"
    xsi:schemaLocation="http://www.loc.gov/MARC21/slim http://www.loc.gov/standards/marcxml/schema/MARC21slim.xsd"
    xmlns="http://www.loc.gov/MARC21/slim">

  <leader>00733nam a22001337a 4500</leader>
  <datafield tag="040" ind1=" " ind2=" ">
    <subfield code="c">RUA</subfield>
  </datafield>
  <datafield tag="082" ind1=" " ind2=" ">
    <subfield code="a">GRS HOL 2015 B542 Or.1</subfield>
  </datafield>
  <datafield tag="100" ind1=" " ind2=" ">
    <subfield code="a">HOL DAVOUN; &#x17A0;&#x17CA;&#x179B; &#x178A;&#x17B6;&#x179C;&#x17BB;&#x1793;</subfield>
  </datafield>
  <datafield tag="245" ind1=" " ind2=" ">
    <subfield code="a">The efficiency of laterite road constuction using comunnal fund in sethey communne, samakimeanchey district, kampongchhnang province, &#x1794;&#x17D2;&#x179A;&#x179F;&#x17B7;&#x1791;&#x17D2;&#x1792;&#x1797;&#x17B6;&#x1796;&#x179F;&#x17B6;&#x1784;&#x179F;&#x1784;&#x1795;&#x17D2;&#x179B;&#x17BC;&#x179C;&#x1780;&#x17D2;&#x179A;&#x17B6;&#x179B;&#x1780;&#x17D2;&#x179A;&#x17BD;&#x179F;&#x1780;&#x17D2;&#x179A;&#x17A0;&#x1798;&#x1794;&#x17D2;&#x179A;&#x17BE;&#x1794;&#x17D2;&#x179A;&#x17B6;&#x179F;&#x17CB;&#x1798;&#x17BC;&#x179B;&#x1793;&#x17B7;&#x1792;&#x17B8;&#x1783;&#x17BB;&#x17C6;&#x179F;&#x17C1;&#x178A;&#x17D2;&#x178B;&#x17B8; &#x179F;&#x17D2;&#x179A;&#x17BB;&#x1780;&#x179F;&#x17B6;&#x1798;&#x1782;&#x17D2;&#x1782;&#x17B8;&#x1798;&#x17B6;&#x1793;&#x1787;&#x17D0;&#x1799; &#x1781;&#x17C1;&#x178F;&#x17D2;&#x178F;&#x1780;&#x17C6;&#x1796;&#x1784;&#x17CB;&#x1786;&#x17D2;&#x1793;&#x17B6;&#x17C6;&#x1784;</subfield>
  </datafield>
  <datafield tag="260" ind1=" " ind2=" ">
    <subfield code="a">Phnom Penh</subfield>
    <subfield code="b">HOL</subfield>
    <subfield code="c">2015</subfield>
  </datafield>
  <datafield tag="300" ind1=" " ind2=" ">
    <subfield code="a">viii,37p.</subfield>
    <subfield code="b">ill.</subfield>
    <subfield code="c">29cm.</subfield>
  </datafield>
  <datafield tag="856" ind1=" " ind2=" ">
    <subfield code="u">HOL DAVOUN</subfield>
  </datafield>
  <datafield tag="942" ind1=" " ind2=" ">
    <subfield code="c">GRS</subfield>
  </datafield>
  <datafield tag="999" ind1=" " ind2=" ">
    <subfield code="c">11018</subfield>
    <subfield code="d">11018</subfield>
  </datafield>
  <datafield tag="952" ind1=" " ind2=" ">
    <subfield code="0">0</subfield>
    <subfield code="1">0</subfield>
    <subfield code="2">ddc</subfield>
    <subfield code="4">0</subfield>
    <subfield code="6">GRS_HOL_2015_000000000000000_B542_OR_1</subfield>
    <subfield code="7">0</subfield>
    <subfield code="9">58279</subfield>
    <subfield code="a">LBB</subfield>
    <subfield code="b">LBB</subfield>
    <subfield code="c">B542</subfield>
    <subfield code="d">2016-11-30</subfield>
    <subfield code="o">GRS HOL 2015 B542 Or.1</subfield>
    <subfield code="p">A03640</subfield>
    <subfield code="r">2016-11-30</subfield>
    <subfield code="w">2016-11-30</subfield>
    <subfield code="y">GRS</subfield>
  </datafield>
  <datafield tag="952" ind1=" " ind2=" ">
    <subfield code="0">0</subfield>
    <subfield code="1">0</subfield>
    <subfield code="2">ddc</subfield>
    <subfield code="4">0</subfield>
    <subfield code="6">GRS_HOL_2015_000000000000000_B542_OR_2</subfield>
    <subfield code="7">0</subfield>
    <subfield code="9">58280</subfield>
    <subfield code="a">LBB</subfield>
    <subfield code="b">LBB</subfield>
    <subfield code="c">B542</subfield>
    <subfield code="d">2016-11-30</subfield>
    <subfield code="o">GRS HOL 2015 B542 Or.2</subfield>
    <subfield code="p">A03785</subfield>
    <subfield code="r">2016-11-30</subfield>
    <subfield code="w">2016-11-30</subfield>
    <subfield code="y">GRS</subfield>
  </datafield>
  <datafield tag="952" ind1=" " ind2=" ">
    <subfield code="0">0</subfield>
    <subfield code="1">0</subfield>
    <subfield code="2">ddc</subfield>
    <subfield code="4">0</subfield>
    <subfield code="6">GRS_HOL_2015_000000000000000_B542_OR_3</subfield>
    <subfield code="7">0</subfield>
    <subfield code="9">58281</subfield>
    <subfield code="a">LBB</subfield>
    <subfield code="b">LBB</subfield>
    <subfield code="c">B542</subfield>
    <subfield code="d">2016-11-30</subfield>
    <subfield code="o">GRS HOL 2015 B542 Or.3</subfield>
    <subfield code="p">A03645</subfield>
    <subfield code="r">2016-11-30</subfield>
    <subfield code="w">2016-11-30</subfield>
    <subfield code="y">GRS</subfield>
  </datafield>
  <datafield tag="952" ind1=" " ind2=" ">
    <subfield code="0">0</subfield>
    <subfield code="1">0</subfield>
    <subfield code="2">ddc</subfield>
    <subfield code="4">0</subfield>
    <subfield code="6">GRS_HOL_2015_000000000000000_B542_OR_4</subfield>
    <subfield code="7">0</subfield>
    <subfield code="9">58282</subfield>
    <subfield code="a">LBB</subfield>
    <subfield code="b">LBB</subfield>
    <subfield code="c">B542</subfield>
    <subfield code="d">2016-11-30</subfield>
    <subfield code="o">GRS HOL 2015 B542 Or.4</subfield>
    <subfield code="p">A03762</subfield>
    <subfield code="r">2016-11-30</subfield>
    <subfield code="w">2016-11-30</subfield>
    <subfield code="y">GRS</subfield>
  </datafield>
  <datafield tag="952" ind1=" " ind2=" ">
    <subfield code="0">0</subfield>
    <subfield code="1">0</subfield>
    <subfield code="2">ddc</subfield>
    <subfield code="4">0</subfield>
    <subfield code="6">GRS_HOL_2015_000000000000000_B542_OR_5</subfield>
    <subfield code="7">0</subfield>
    <subfield code="9">58283</subfield>
    <subfield code="a">LBB</subfield>
    <subfield code="b">LBB</subfield>
    <subfield code="c">B542</subfield>
    <subfield code="d">2016-11-30</subfield>
    <subfield code="o">GRS HOL 2015 B542 Or.5</subfield>
    <subfield code="p">A03577</subfield>
    <subfield code="r">2016-11-30</subfield>
    <subfield code="w">2016-11-30</subfield>
    <subfield code="y">GRS</subfield>
  </datafield>
  <datafield tag="952" ind1=" " ind2=" ">
    <subfield code="0">0</subfield>
    <subfield code="1">0</subfield>
    <subfield code="2">ddc</subfield>
    <subfield code="4">0</subfield>
    <subfield code="6">GRS_HOL_2015_000000000000000_B542_OR_6</subfield>
    <subfield code="7">0</subfield>
    <subfield code="9">58284</subfield>
    <subfield code="a">LBB</subfield>
    <subfield code="b">LBB</subfield>
    <subfield code="c">B542</subfield>
    <subfield code="d">2016-11-30</subfield>
    <subfield code="o">GRS HOL 2015 B542 Or.6</subfield>
    <subfield code="p">A04429</subfield>
    <subfield code="r">2016-11-30</subfield>
    <subfield code="w">2016-11-30</subfield>
    <subfield code="y">GRS</subfield>
  </datafield>
  <datafield tag="952" ind1=" " ind2=" ">
    <subfield code="0">0</subfield>
    <subfield code="1">0</subfield>
    <subfield code="2">ddc</subfield>
    <subfield code="4">0</subfield>
    <subfield code="6">GRS_HOL_2015_000000000000000_B542_OR_7</subfield>
    <subfield code="7">0</subfield>
    <subfield code="9">58285</subfield>
    <subfield code="a">LBB</subfield>
    <subfield code="b">LBB</subfield>
    <subfield code="c">B542</subfield>
    <subfield code="d">2016-11-30</subfield>
    <subfield code="o">GRS HOL 2015 B542 Or.7</subfield>
    <subfield code="p">A03740</subfield>
    <subfield code="r">2016-11-30</subfield>
    <subfield code="w">2016-11-30</subfield>
    <subfield code="y">GRS</subfield>
  </datafield>
</record>
